000 00657nam a2200277Ia 4500
005 20260324132130.0
008 008 260324s9999 xx 000 0 eng d
020 _a9781315044156
037 _aEBOOK
040 _aCRL
040 _beng
040 _cCRL
041 _2eng
041 _aeng
084 _qCRL
100 _aJ. LeBron McBride
_91181798
245 0 _aLiving Faithfully with Disappointment in the Church
260 _bTaylor and Francis
260 _c2005
365 _a
365 _b220
856 _uhttp://www.taylorfrancis.com/books/9781315044156
942 _cEBOOK
999 _c1785951
_d1785951